| 000 | 00973nam a2200265Ia 4500 | ||
|---|---|---|---|
| 001 | 22086 | ||
| 005 | 20260320113341.0 | ||
| 008 | 260320s9999||||xx |||||||||||||| ||und|| | ||
| 020 | _a9786123331696 | ||
| 041 | _aESP | ||
| 082 |
_a348.6 _b T22 V. 2 |
||
| 100 |
_aTarazona Pinedo, Manolo Narciso, _eAUT |
||
| 245 | 0 |
_aModelos de contratos laborales : _bsegún el régimen laboral de la empresa y el tipo de contratos utilizados |
|
| 246 |
_a _5 _b |
||
| 250 | _aPrimera edición | ||
| 260 |
_aLima : _bGaceta Jurídica, _c2026 |
||
| 300 |
_a125 páginas : _bcuadros ; _c24 cm. _e |
||
| 440 |
_a(Laboral. Contrataciones y Registro de Trabajadores en la Planilla Electrónica) _n _v |
||
| 650 | _aCIS | ||
| 653 | _aDerecho del trabajo | ||
| 654 | _aDER | ||
| 700 |
_a _c |
||
| 856 |
_uhttps://0u214rw25-y-https-app-vlex-com.itmsp.museknowledge.com/search/jurisdiction:PE/modelos+de+contratos+laborales _zVéase además: Base de datos Vlex |
||
| 942 |
_cLIB _dJUS _fMIP _2ddc _n |
||
| 999 |
_c22086 _d22086 |
||